[Event "Benidorm op U2000 11th"]
[Site "Benidorm"]
[Date "2012.12.04"]
[Round "5"]
[White "Fournier, Manuel"]
[Black "Rodriguez Marcos, Jose Ramon"]
[Result "1/2-1/2"]
[WhiteElo "1884"]
[BlackElo "1962"]
[PlyCount "48"]
[EventDate "2012.11.30"]
[EventType "swiss"]
[EventRounds "10"]
[EventCountry "ESP"]
[SourceTitle "EXT 2014"]
[Source "ChessBase"]
[SourceDate "2013.11.20"]
[SourceVersion "1"]
[SourceVersionDate "2013.11.20"]
[SourceQuality "1"]

1. e4 c5 2. Nf3 d6 3. d4 cxd4 4. Nxd4 Nf6 5. Bd3 a6 6. Nc3 e5 7. Nb3 Be6 8. 0-0 Qc7 9. Bg5 Nbd7 10. Qe2 Be7 11. Kh1 b5 12. a3 Rc8 13. f4 Nb6 14. Nd2 h6 15. Bxf6 Bxf6 16. f5 Bc4 17. Bxc4 Nxc4 18. Nd5 Qb7 19. Nxc4 Rxc4 20. c3 Bg5 21. Rad1 0-0 22. Qg4 Kh7 23. Rf3 Rg8 24. Rh3 f6 1/2-1/2

[Event "Benidorm op U2000 11th"]
[Site "Benidorm"]
[Date "2012.12.03"]
[Round "4"]
[White "Jimenez Chacon, Francisco"]
[Black "Fournier, Manuel"]
[Result "0-1"]
[WhiteElo "1966"]
[BlackElo "1884"]
[PlyCount "122"]
[EventDate "2012.11.30"]
[EventType "swiss"]
[EventRounds "10"]
[EventCountry "ESP"]
[SourceTitle "EXT 2014"]
[Source "ChessBase"]
[SourceDate "2013.11.20"]
[SourceVersion "1"]
[SourceVersionDate "2013.11.20"]
[SourceQuality "1"]

1. e4 e5 2. Nf3 Nc6 3. Bc4 Bc5 4. b4 Bxb4 5. c3 Be7 6. 0-0 Nf6 7. d4 d6 8. Qb3 0-0 9. Nbd2 Na5 10. Qc2 Nxc4 11. Nxc4 exd4 12. cxd4 d5 13. exd5 Nxd5 14. Bb2 Be6 15. a3 f6 16. Rfe1 Qd7 17. Ne3 Rfe8 18. Rac1 c6 19. Nh4 Bd6 20. g3 Nxe3 21. fxe3 Rad8 22. e4 Bb8 23. Rcd1 a6 24. Qc5 Qd6 25. Qc3 Bc7 26. Ng2 Bb6 27. Ne3 Qc7 28. Nc4 Bxc4 29. Qxc4+ Kh8 30. Kg2 Ba7 31. Rc1 Qd7 32. Rcd1 Qg4 33. h3 Qg6 34. e5 fxe5 35. dxe5 h6 36. Qb3 b5 37. Rxd8 Rxd8 38. Re2 c5 39. Qf3 Qe6 40. g4 Qd5 41. Qxd5 Rxd5 42. e6 Rd8 43. Be5 Re8 44. Kf3 Kg8 45. Bd6 c4 46. Bb4 g6 47. h4 Bb6 48. h5 g5 49. Re5 Bc7 50. Rc5 Bd6 51. Rc6 Bxb4 52. axb4 Ra8 53. Ke4 Kf8 54. Kf5 Ke7 55. Rc7+ Kd6 56. Rd7+ Kc6 57. Rh7 c3 58. Rxh6 c2 59. e7+ Kd7 60. Kxg5 c1Q+ 61. Kg6 Kxe7 0-1

[Event "Malaga op 13th"]
[Site "Malaga"]
[Date "2010.02.24"]
[Round "6"]
[White "Fournier, Manuel"]
[Black "Anillo Fernandez, Isabel Maria"]
[Result "1-0"]
[WhiteElo "1935"]
[BlackElo "1453"]
[PlyCount "87"]
[EventDate "2010.02.20"]
[EventType "swiss"]
[EventRounds "9"]
[EventCountry "ESP"]
[SourceTitle "CBM 135 Extra"]
[Source "ChessBase"]
[SourceDate "2010.05.04"]
[SourceVersion "1"]
[SourceVersionDate "2010.05.04"]
[SourceQuality "1"]

1. e4 c5 2. Nf3 Nc6 3. d4 cxd4 4. Nxd4 Nf6 5. Nc3 e5 6. Ndb5 d6 7. Bg5 a6 8. Na3 b5 9. Nd5 Be7 10. Bxf6 Bxf6 11. Be2 Bb7 12. c3 Bg5 13. 0-0 Ne7 14. Nxe7 Bxe7 15. Bf3 0-0 16. Nc2 Qc7 17. Ne3 Rad8 18. Nd5 Bxd5 19. Qxd5 Qd7 20. Rfd1 Kh8 21. g4 g6 22. Qd3 Rb8 23. Qd5 f5 24. Qxe5+ dxe5 25. Rxd7 Bh4 26. Rf1 fxe4 27. Bxe4 Rf4 28. f3 Rff8 29. Rfd1 Bg5 30. Kf2 Rbd8 31. Rxd8 Rxd8 32. Rxd8+ Bxd8 33. Bb7 a5 34. Ke3 Kg7 35. Ke4 Kf6 36. Kd5 h5 37. gxh5 gxh5 38. Ba6 b4 39. c4 Kf5 40. Kd6 Kf4 41. Bb7 a4 42. b3 axb3 43. axb3 Ke3 44. c5 1-0

[Event "Malaga op 13th"]
[Site "Malaga"]
[Date "2010.02.23"]
[Round "5"]
[White "Canamero Corredera, Jose Antonio"]
[Black "Fournier, Manuel"]
[Result "1/2-1/2"]
[WhiteElo "1662"]
[BlackElo "1935"]
[PlyCount "82"]
[EventDate "2010.02.20"]
[EventType "swiss"]
[EventRounds "9"]
[EventCountry "ESP"]
[SourceTitle "CBM 135 Extra"]
[Source "ChessBase"]
[SourceDate "2010.05.04"]
[SourceVersion "1"]
[SourceVersionDate "2010.05.04"]
[SourceQuality "1"]

1. d4 d5 2. Nf3 Nf6 3. Bf4 Bf5 4. e3 c6 5. c3 Qb6 6. Qb3 Qxb3 7. axb3 Nbd7 8. h3 h6 9. Nbd2 e6 10. b4 Be7 11. Be2 0-0 12. 0-0 Ne4 13. Nxe4 Bxe4 14. Nd2 Bh7 15. Nb3 Bd8 16. b5 Bb6 17. Na5 Bxa5 18. Rxa5 cxb5 19. Bxb5 Nf6 20. f3 Rfc8 21. Rc1 Bg6 22. b3 a6 23. Be2 Kf8 24. c4 Ke7 25. Be5 Ne8 26. c5 f6 27. Bg3 Kd7 28. b4 Nc7 29. Rca1 Rab8 30. Bxc7 Kxc7 31. b5 axb5 32. Bxb5 Be8 33. Bxe8 Rxe8 34. Rb5 Ra8 35. Rab1 Rab8 36. Rb6 e5 37. dxe5 fxe5 38. Rg6 Re7 39. Rgb6 Ree8 40. Rg6 Re7 41. Rgb6 Ree8 1/2-1/2

[Event "Malaga op 13th"]
[Site "Malaga"]
[Date "2010.02.22"]
[Round "4"]
[White "Fournier, Manuel"]
[Black "Corrales Ibanez, Pedro Luis"]
[Result "0-1"]
[WhiteElo "1935"]
[BlackElo "2016"]
[PlyCount "80"]
[EventDate "2010.02.20"]
[EventType "swiss"]
[EventRounds "9"]
[EventCountry "ESP"]
[SourceTitle "CBM 135 Extra"]
[Source "ChessBase"]
[SourceDate "2010.05.04"]
[SourceVersion "1"]
[SourceVersionDate "2010.05.04"]
[SourceQuality "1"]

1. e4 e5 2. Nf3 Nc6 3. Bb5 f5 4. d3 Nf6 5. Nc3 Bb4 6. Bxc6 dxc6 7. Bd2 0-0 8. 0-0 Qd6 9. Qe2 f4 10. h3 h6 11. a3 Bc5 12. Na4 Re8 13. Nxc5 Qxc5 14. Bc3 g5 15. d4 exd4 16. Bxd4 Qe7 17. Ne5 Be6 18. Rad1 Rad8 19. Bc3 c5 20. Kh2 Qh7 21. Rxd8 Rxd8 22. Rd1 Rd6 23. f3 Nh5 24. Rxd6 cxd6 25. Ng4 Bxg4 26. hxg4 Ng3 27. Qc4+ Qf7 28. Qd3 Qe6 29. Qd5 Qxd5 30. exd5 Nf1+ 31. Kg1 Ne3 32. Bf6 Kf7 33. Bd8 Nxc2 34. Bc7 Ke7 35. Bb8 a6 36. Kf2 Ne3 37. g3 Nxd5 38. a4 fxg3+ 39. Kxg3 b5 40. axb5 axb5 0-1

[Event "Malaga op 13th"]
[Site "Malaga"]
[Date "2010.02.20"]
[Round "1"]
[White "Berbatov, Kiprian"]
[Black "Fournier, Manuel"]
[Result "1-0"]
[WhiteElo "2455"]
[BlackElo "1935"]
[PlyCount "69"]
[EventDate "2010.02.20"]
[EventType "swiss"]
[EventRounds "9"]
[EventCountry "ESP"]
[SourceTitle "CBM 135 Extra"]
[Source "ChessBase"]
[SourceDate "2010.05.04"]
[SourceVersion "1"]
[SourceVersionDate "2010.05.04"]
[SourceQuality "1"]

1. e4 e5 2. Nf3 Nc6 3. Bb5 a6 4. Ba4 d6 5. c3 Bd7 6. d4 g6 7. 0-0 Bg7 8. Be3 Nf6 9. Nbd2 0-0 10. h3 Qe7 11. Re1 Rad8 12. Bg5 h6 13. Bh4 Kh7 14. Nf1 Rde8 15. Ne3 Qd8 16. Nd5 b5 17. Bc2 Nb8 18. c4 c6 19. Ne3 Qb6 20. c5 dxc5 21. dxe5 Nh5 22. Ng4 Bxg4 23. hxg4 Nf4 24. Qd2 Ne6 25. Bf6 Nd4 26. Nxd4 cxd4 27. g5 h5 28. g4 hxg4 29. Kg2 Nd7 30. Rh1+ Kg8 31. Rh4 c5 32. Rah1 Bxf6 33. gxf6 Nxf6 34. Rh8+ Kg7 35. Qh6# 1-0

[Event "FRA-chT4 0506"]
[Site "France"]
[Date "2006.??.??"]
[Round "7"]
[White "Fournier, Manuel"]
[Black "Romain, Emeline"]
[Result "1/2-1/2"]
[WhiteElo "1960"]
[BlackElo "1960"]
[PlyCount "105"]
[EventDate "2005.10.02"]
[EventType "team-tourn"]
[EventRounds "9"]
[EventCountry "FRA"]
[SourceTitle "EXT 2007"]
[Source "ChessBase"]
[SourceDate "2006.11.23"]
[SourceVersion "1"]
[SourceVersionDate "2006.11.23"]
[SourceQuality "1"]

1. e4 d5 2. exd5 Qxd5 3. Nc3 Qa5 4. d4 c6 5. Nf3 Nf6 6. Bc4 Bg4 7. h3 Bh5 8. Bd2 Qc7 9. Qe2 e6 10. g4 Bg6 11. g5 Nh5 12. d5 cxd5 13. Nxd5 Qd8 14. 0-0-0 Be7 15. Nxe7 Qxe7 16. Bb5+ Nc6 17. Ne5 Rc8 18. Nxg6 hxg6 19. Be3 a6 20. Bxc6+ Rxc6 21. Rd3 0-0 22. Rhd1 Qb4 23. Rd4 Qa5 24. Kb1 b5 25. Qd2 Qc7 26. Rd7 Qb8 27. Rd8 Rc8 28. Rd6 Qa8 29. Qa5 Qe4 30. Qd2 Qa8 31. h4 Qe4 32. Rd4 Qa8 33. Qa5 Qc6 34. c3 Qa8 35. Qa3 Rcd8 36. Qc5 Rxd4 37. Qxd4 Qf3 38. a3 e5 39. Qd3 Nf4 40. Bxf4 Qxf4 41. Qg3 Qxg3 42. fxg3 Ra8 43. Kc2 Kf8 44. Rd7 Ke8 45. Rb7 Rd8 46. Rc7 e4 47. Rc5 f6 48. gxf6 gxf6 49. c4 bxc4 50. Rxc4 f5 51. Rc3 Kf7 52. b4 Ke6 53. Rc6+ 1/2-1/2

[Event "FRA-chT4"]
[Site "Ech Ardennais/La Francheville"]
[Date "2004.10.10"]
[Round "1"]
[White "Barnier, Christophe"]
[Black "Fournier, Manuel"]
[Result "1/2-1/2"]
[WhiteElo "1997"]
[BlackElo "1870"]
[PlyCount "24"]
[EventDate "2004.10.10"]
[EventType "team-tourn"]
[EventRounds "3"]
[EventCountry "FRA"]
[SourceTitle "EXT 2007"]
[Source "ChessBase"]
[SourceDate "2006.11.23"]
[SourceVersion "1"]
[SourceVersionDate "2006.11.23"]
[SourceQuality "1"]

1. d4 d5 2. Nf3 Nf6 3. Bf4 c6 4. h3 Bf5 5. e3 e6 6. c4 Nbd7 7. Be2 Bxb1 8. Rxb1 Qa5+ 9. Kf1 Qxa2 10. c5 b6 11. b4 bxc5 12. Ra1 Qb2 1/2-1/2

[Event "Pic d'Anie op 1st"]
[Site "Arette"]
[Date "2004.08.??"]
[Round "1"]
[White "Malakhatko, Vadim"]
[Black "Fournier, Manuel"]
[Result "1-0"]
[WhiteElo "2555"]
[BlackElo "1890"]
[PlyCount "83"]
[EventDate "2004.08.??"]
[EventType "swiss"]
[EventRounds "7"]
[EventCountry "FRA"]
[SourceTitle "EXT 2007"]
[Source "ChessBase"]
[SourceDate "2006.11.23"]
[SourceVersion "1"]
[SourceVersionDate "2006.11.23"]
[SourceQuality "1"]

1. d4 d5 2. c4 e6 3. Nc3 Nf6 4. Nf3 c6 5. e3 Nbd7 6. Bd3 dxc4 7. Bxc4 b5 8. Bd3 a6 9. e4 c5 10. d5 c4 11. Bc2 Qc7 12. 0-0 Bc5 13. b3 0-0 14. bxc4 bxc4 15. Bg5 exd5 16. e5 Nxe5 17. Bxf6 gxf6 18. Nxd5 Qd6 19. Nxe5 fxe5 20. Qf3 f5 21. Nf6+ Qxf6 22. Qxa8 Bd4 23. Rab1 f4 24. Rb8 Qe6 25. Qf3 Qg4 26. Bxh7+ Kxh7 27. Qxg4 Bxg4 28. Rxf8 Be2 29. Rc1 c3 30. Rc8 Kg6 31. R1xc3 Bxc3 32. Rxc3 Kf5 33. f3 Ke6 34. Kf2 Bb5 35. g3 fxg3+ 36. hxg3 Kd5 37. Ke3 a5 38. Rc7 a4 39. Ra7 Kc4 40. Rb7 a3 41. g4 Bc6 42. Rb3 1-0

[Event "FRA-chT4 0203"]
[Site "Champagne Ardenne"]
[Date "2003.01.19"]
[Round "4"]
[White "Fournier, Manuel"]
[Black "Grandjean, Pierre Emmanuel"]
[Result "1-0"]
[WhiteElo "1920"]
[BlackElo "1900"]
[PlyCount "135"]
[EventDate "2002.10.02"]
[EventType "team-tourn"]
[EventRounds "7"]
[EventCountry "FRA"]
[SourceTitle "EXT 2005"]
[Source "ChessBase"]
[SourceDate "2004.11.15"]
[SourceVersion "1"]
[SourceVersionDate "2004.11.15"]
[SourceQuality "1"]

1. e4 d5 2. exd5 Nf6 3. d4 Nxd5 4. c4 Nb6 5. Nf3 Bg4 6. c5 Nd5 7. Qb3 Bxf3 8. Qxf3 e6 9. Bc4 Be7 10. 0-0 0-0 11. Nc3 c6 12. Be3 Nxe3 13. fxe3 Nd7 14. Ne4 Nf6 15. Bd3 h6 16. Nxf6+ Bxf6 17. Qe4 g6 18. Rf3 Bg7 19. Raf1 Qd5 20. Qg4 Qxa2 21. h4 Qd5 22. Be4 Qd7 23. Qg3 Rae8 24. h5 g5 25. Bb1 Re7 26. Qf2 Kh8 27. Qc2 f5 28. g4 Ref7 29. gxf5 Rxf5 30. Rxf5 Rxf5 31. Rxf5 exf5 32. Qxf5 Qxf5 33. Bxf5 Kg8 34. Bc8 b6 35. b4 Kf7 36. Bd7 Ke7 37. Bxc6 Bf8 38. Kf2 Ke6 39. Kf3 Kf5 40. Be4+ Ke6 41. Ke2 a5 42. bxa5 bxa5 43. Kd3 Be7 44. Kc4 Bd8 45. Bf3 Bc7 46. Bg4+ Ke7 47. e4 Bf4 48. Kb5 a4 49. Kxa4 Be3 50. c6 Kd6 51. d5 Bb6 52. Kb5 Bc7 53. Ka6 Bd8 54. Kb7 Ba5 55. Be6 Bd8 56. e5+ Kxe5 57. c7 Bxc7 58. Kxc7 g4 59. d6 g3 60. Bh3 Kf6 61. d7 Kg5 62. d8Q+ Kxh5 63. Qd5+ Kh4 64. Bg2 h5 65. Qe4+ Kg5 66. Kd6 h4 67. Bh3 Kh5 68. Ke6 1-0

[Event "FRA-chT4 0203"]
[Site "Champagne Ardenne"]
[Date "2002.12.08"]
[Round "3"]
[White "Camus, Berenger"]
[Black "Fournier, Manuel"]
[Result "1-0"]
[WhiteElo "2025"]
[BlackElo "1920"]
[PlyCount "99"]
[EventDate "2002.10.02"]
[EventType "team-tourn"]
[EventRounds "7"]
[EventCountry "FRA"]
[SourceTitle "EXT 2005"]
[Source "ChessBase"]
[SourceDate "2004.11.15"]
[SourceVersion "1"]
[SourceVersionDate "2004.11.15"]
[SourceQuality "1"]

1. d4 d5 2. c4 e6 3. Nc3 Nf6 4. Bg5 c6 5. Nf3 Nbd7 6. e3 Be7 7. Bd3 0-0 8. 0-0 dxc4 9. Bxc4 Nd5 10. Bxe7 Qxe7 11. Nxd5 exd5 12. Bd3 Nf6 13. Qc2 Re8 14. a3 a5 15. Ne5 Be6 16. f4 h6 17. h3 Nd7 18. f5 Nxe5 19. fxe6 Qxe6 20. dxe5 Qxe5 21. Rae1 Qg5 22. e4 dxe4 23. Bxe4 Re7 24. Bf3 Rae8 25. Rxe7 Qxe7 26. Rd1 Qe3+ 27. Kh1 Qb6 28. Qd2 a4 29. Qd7 Rf8 30. Qd4 Qb3 31. Rd3 Qb5 32. Re3 c5 33. Qd2 Qf1+ 34. Kh2 b5 35. Qe2 Qxe2 36. Bxe2 b4 37. Re5 Rc8 38. Bc4 Kf8 39. Kg3 f6 40. Rd5 Ke7 41. Kf4 g6 42. g4 Rc7 43. h4 Rc8 44. Ke4 Rc7 45. Kd3 Rc8 46. Bb5 Ke6 47. Kc4 Rc7 48. Rxc5 Rxc5+ 49. Kxc5 bxa3 50. bxa3 1-0